| 000 | 00543nam a2200181 a 4500 | ||
|---|---|---|---|
| 005 | 20231124063626.0 | ||
| 008 | 100816s1995 mx r 000 0 spa d | ||
| 035 | _aUPN01000177360 | ||
| 049 | _aCG | ||
| 050 | 4 |
_aGN452.5 _bA5.7 |
|
| 245 | 0 | 0 |
_aAntropología simbólica / _ccoord. Marie Odile Marión. |
| 260 |
_aMéxico : _bINAH : _bCONACYT, _c1995. |
||
| 300 | _a214 p. | ||
| 650 | 4 |
_aANTROPOLOGIA SIMBOLICA _91772 |
|
| 650 | 4 |
_aIndígenas de México _xRitos y ceremonias _98538 |
|
| 700 | 1 |
_aOdile Marión, Marie, _ecoord. |
|
| 905 | _aLibro | ||
| 999 |
_c149463 _d149463 |
||